|
000
|
01089nam0 2200253 450
|
|
001
|
012021000500
|
|
005
|
20200106140215.8
|
|
010
|
|
@a978-7-5598-2309-0@dCNY58.00
|
|
100
|
|
@a20200102d2019 em y0chiy50 ea
|
|
101
|
1
|
@achi@cjpn
|
|
102
|
|
@aCN@b450000
|
|
105
|
|
@aaf z 000yy
|
|
106
|
|
@ar
|
|
200
|
1
|
@a致白瓷@Azhi bai ci@f(日) 黑田泰藏著@g张逸雯译
|
|
210
|
|
@a桂林@c广西师范大学出版社@d2019.11
|
|
215
|
|
@a107页, [19] 页图版@c图 (部分彩图)@d21cm
|
|
314
|
|
@a黑田泰藏, 1946年生于滋贺县能登川町。1966年前往法国, 与后来成为人间国宝的陶艺家岛冈达三相遇。张逸雯, 独立编辑、译者、工艺策展人。
|
|
330
|
|
@a本书是作者第一本回忆录。首次揭露作者与民艺大师岛冈达三的交往、发现白瓷的经过, 以及对陶艺的思考。乘着轮船去密航、在巴黎餐厅打零工、于纽约街头散漫地踱步……; 一颗叛逆的原石, 在茫然的试错中, 与一生的事业相遇、相知、相融。
|
|
606
|
0
|
@a陶瓷艺术@Atao ci yi shu@x介绍@y日本
|
|
690
|
|
@aJ5@v5
|
|
701
|
0
|
@a黑田泰藏,@Ahei tian tai zang@f1946-@4著
|
|
702
|
0
|
@a张逸雯@Azhang yi wen@4译
|
|
801
|
0
|
@aCN@bCDNYKJZYXY@c20200102
|
|
905
|
|
@aCDNYKJZYXY@b300633374-6@dJ5@e565@f3
|
|
|
|
|
| |
| 致白瓷/(日) 黑田泰藏著/张逸雯译.-桂林:广西师范大学出版社,2019.11 |
| 107页, [19] 页图版:图 (部分彩图);21cm |
| |
| |
| ISBN 978-7-5598-2309-0:CNY58.00 |
| 本书是作者第一本回忆录。首次揭露作者与民艺大师岛冈达三的交往、发现白瓷的经过, 以及对陶艺的思考。乘着轮船去密航、在巴黎餐厅打零工、于纽约街头散漫地踱步……; 一颗叛逆的原石, 在茫然的试错中, 与一生的事业相遇、相知、相融。 |
| ● |
正题名:致白瓷
索取号:J5/565
 
预约/预借
| 序号
|
登录号
|
条形码
|
馆藏地/架位号
|
状态
|
备注
|
|
1
|
633374
|
300633374
|
柳城-4楼/41架3列2层/
[索取号:J5/565]
|
在馆
|
|
|
2
|
633375
|
300633375
|
柳城-4楼/41架3列2层/
[索取号:J5/565]
|
在馆
|
|
|
3
|
633376
|
300633376
|
柳城-4楼/41架3列2层/
[索取号:J5/565]
|
在馆
|
|